<?xml version="1.0" encoding="UTF-8"?>
<record
    xmlns:xsi="http://www.w3.org/2001/XMLSchema-instance"
    xsi:schemaLocation="http://www.loc.gov/MARC21/slim http://www.loc.gov/standards/marcxml/schema/MARC21slim.xsd"
    xmlns="http://www.loc.gov/MARC21/slim">

  <leader>00700nam a22002177a 4500</leader>
  <controlfield tag="005">20260128125129.0</controlfield>
  <controlfield tag="008">260128b        |||||||| |||| 00| 0 eng d</controlfield>
  <datafield tag="017" ind1=" " ind2=" ">
    <subfield code="a">LD.8003</subfield>
  </datafield>
  <datafield tag="018" ind1=" " ind2=" ">
    <subfield code="a">2025</subfield>
  </datafield>
  <datafield tag="020" ind1=" " ind2=" ">
    <subfield code="a">9789787778951</subfield>
  </datafield>
  <datafield tag="040" ind1=" " ind2=" ">
    <subfield code="a">NLN</subfield>
    <subfield code="b">English</subfield>
    <subfield code="e">AACR2</subfield>
  </datafield>
  <datafield tag="050" ind1=" " ind2=" ">
    <subfield code="a">BV4598.2</subfield>
    <subfield code="b">.O76</subfield>
  </datafield>
  <datafield tag="082" ind1=" " ind2=" ">
    <subfield code="a">248.4</subfield>
  </datafield>
  <datafield tag="100" ind1=" " ind2=" ">
    <subfield code="a">ORSAL-EKWALE, Hembafan V.</subfield>
    <subfield code="e">aut</subfield>
    <subfield code="9">69477</subfield>
  </datafield>
  <datafield tag="245" ind1=" " ind2=" ">
    <subfield code="a">Balance : </subfield>
    <subfield code="b">(as a winning tool for women) /</subfield>
    <subfield code="c">Hembafan Valencia Orsal-Ekwale</subfield>
  </datafield>
  <datafield tag="260" ind1=" " ind2=" ">
    <subfield code="a">FCT, Abuja (Sky Memorial Complex) :</subfield>
    <subfield code="b">VJ Prints and Publishers,</subfield>
    <subfield code="c">[2025?]</subfield>
  </datafield>
  <datafield tag="300" ind1=" " ind2=" ">
    <subfield code="a">iv, 29p. ;</subfield>
    <subfield code="b">20cm</subfield>
  </datafield>
  <datafield tag="563" ind1=" " ind2=" ">
    <subfield code="a">(pbk.)</subfield>
  </datafield>
  <datafield tag="650" ind1=" " ind2=" ">
    <subfield code="a">Self-actualization(psychology)</subfield>
    <subfield code="v">Religious aspects</subfield>
    <subfield code="x">Christianity</subfield>
    <subfield code="9">69478</subfield>
  </datafield>
  <datafield tag="942" ind1=" " ind2=" ">
    <subfield code="c">BK</subfield>
    <subfield code="n">0</subfield>
  </datafield>
  <datafield tag="999" ind1=" " ind2=" ">
    <subfield code="c">34147</subfield>
    <subfield code="d">34147</subfield>
  </datafield>
  <datafield tag="952" ind1=" " ind2=" ">
    <subfield code="0">0</subfield>
    <subfield code="1">0</subfield>
    <subfield code="2">lcc</subfield>
    <subfield code="4">0</subfield>
    <subfield code="7">0</subfield>
    <subfield code="a">ABJ</subfield>
    <subfield code="b">MAIN</subfield>
    <subfield code="d">2026-01-28</subfield>
    <subfield code="e">Legal deposit</subfield>
    <subfield code="i">466009</subfield>
    <subfield code="l">0</subfield>
    <subfield code="o">BV4598.2 .O76</subfield>
    <subfield code="p">466009</subfield>
    <subfield code="r">2026-01-28 13:06:50</subfield>
    <subfield code="t">1</subfield>
    <subfield code="w">2026-01-28</subfield>
    <subfield code="y">BK</subfield>
  </datafield>
  <datafield tag="952" ind1=" " ind2=" ">
    <subfield code="0">0</subfield>
    <subfield code="1">0</subfield>
    <subfield code="2">lcc</subfield>
    <subfield code="4">0</subfield>
    <subfield code="7">0</subfield>
    <subfield code="a">GUS</subfield>
    <subfield code="b">MAIN</subfield>
    <subfield code="d">2026-01-28</subfield>
    <subfield code="e">Legal deposit</subfield>
    <subfield code="i">466010</subfield>
    <subfield code="l">0</subfield>
    <subfield code="o">BV4598.2 .O76</subfield>
    <subfield code="p">466010</subfield>
    <subfield code="r">2026-01-28 13:09:20</subfield>
    <subfield code="t">1</subfield>
    <subfield code="w">2026-01-28</subfield>
    <subfield code="y">BK</subfield>
  </datafield>
  <datafield tag="952" ind1=" " ind2=" ">
    <subfield code="0">0</subfield>
    <subfield code="1">0</subfield>
    <subfield code="2">lcc</subfield>
    <subfield code="4">0</subfield>
    <subfield code="7">0</subfield>
    <subfield code="a">MIN</subfield>
    <subfield code="b">MAIN</subfield>
    <subfield code="d">2026-01-28</subfield>
    <subfield code="e">Legal deposit</subfield>
    <subfield code="i">466011</subfield>
    <subfield code="l">0</subfield>
    <subfield code="o">BV4598.2 .O76</subfield>
    <subfield code="p">466011</subfield>
    <subfield code="r">2026-01-28 13:11:09</subfield>
    <subfield code="t">1</subfield>
    <subfield code="w">2026-01-28</subfield>
    <subfield code="y">BK</subfield>
  </datafield>
</record>
